00450nam a2200145 i 450000100060000000300090000600500170001500700030003200800410003510000290007624501230010526000440022830000090027285200230028138147ES-MaACL20230906155716.0t|030224s1908 sp ||||1| spa d1 aCabellud Cornel, José.10aDelincuentes habituales contra la propiedad / calbum criminológico recopilado y escrito pot José Cabellud Cornel. aBarcelona : b[s.n., c1908] (fThomas) a8 v. aES-MaACLjD-126-33